| 000 -LEADER |
| fixed length control field |
00866cam a2200253 a 4500 |
| 001 - CONTROL NUMBER |
| control field |
3387 |
| 003 - CONTROL NUMBER IDENTIFIER |
| control field |
BD-DhUAP |
| 005 - DATE AND TIME OF LATEST TRANSACTION |
| control field |
20200301150741.0 |
| 008 - FIXED-LENGTH DATA ELEMENTS--GENERAL INFORMATION |
| fixed length control field |
200301s2000 gw ace 000 0 ger d |
| 020 ## - INTERNATIONAL STANDARD BOOK NUMBER |
| International Standard Book Number |
3764362790 |
| 020 ## - INTERNATIONAL STANDARD BOOK NUMBER |
| International Standard Book Number |
9783764362799 |
| 040 ## - CATALOGING SOURCE |
| Original cataloging agency |
MH |
| Transcribing agency |
MH |
| Modifying agency |
BD-DhUAP |
| Language of cataloging |
Eng |
| 082 ## - DEWEY DECIMAL CLASSIFICATION NUMBER |
| Edition number |
23 |
| Classification number |
720.943155 BAU |
| 245 00 - TITLE STATEMENT |
| Title |
Bauwelt Berlin annual : |
| Remainder of title |
chronology of building events 1996 to 2001 / |
| Statement of responsibility, etc. |
edited by Martina Duttman and Felix Zwoch. |
| 246 30 - VARYING FORM OF TITLE |
| Title proper/short title |
Berlin annual |
| 246 30 - VARYING FORM OF TITLE |
| Title proper/short title |
Chronology of building events 1996 to 2001 |
| 260 ## - PUBLICATION, DISTRIBUTION, ETC. |
| Place of publication, distribution, etc. |
Basel : |
| Name of publisher, distributor, etc. |
Birkhauser publishers, |
| Date of publication, distribution, etc. |
c2000. |
| 300 ## - PHYSICAL DESCRIPTION |
| Extent |
185 pages : |
| Other physical details |
illustrations ; |
| Dimensions |
32 cm. |
| 650 #0 - SUBJECT ADDED ENTRY--TOPICAL TERM |
| Topical term or geographic name entry element |
Architecture |
| Geographic subdivision |
Germany |
| -- |
Berlin |
| General subdivision |
History |
| Chronological subdivision |
20th century |
| Form subdivision |
Chronology. |
| 651 #0 - SUBJECT ADDED ENTRY--GEOGRAPHIC NAME |
| Geographic name |
Berlin (Germany) |
| General subdivision |
Buildings, structures, etc. |
| 700 1# - ADDED ENTRY--PERSONAL NAME |
| Personal name |
Düttmann, Martina. |
| 700 1# - ADDED ENTRY--PERSONAL NAME |
| Personal name |
Zwoch, Felix. |
| 942 ## - ADDED ENTRY ELEMENTS (KOHA) |
| Source of classification or shelving scheme |
|
| Koha item type |
Book |